Working paper environmental impact of brackishwater aquaculture and application of coastal zone assessment methodology, 9-28 October 1993): [Training course report ]

Gardado en:
Detalles Bibliográficos
Formato: Libro
Idioma:Undetermined
Publicado: Indonesia Organizing Committee BADC 1993
Những chủ đề:
Các nhãn: Engadir etiqueta
Sen Etiquetas, Sexa o primeiro en etiquetar este rexistro!
Thư viện lưu trữ: Trung tâm Học liệu Trường Đại học Cần Thơ
LEADER 00616nam a2200169Ia 4500
001 CTU_149977
008 210402s9999 xx 000 0 und d
082 |a 363.73 
082 |b W927 
245 0 |a Working paper environmental impact of brackishwater aquaculture and application of coastal zone assessment methodology, 9-28 October 1993): 
245 0 |b [Training course report ] 
245 0 |c Organizing Committee BADC 
260 |a Indonesia 
260 |b Organizing Committee BADC 
260 |c 1993 
650 |a Aquaculture,Environmental impact analysis 
980 |a Trung tâm Học liệu Trường Đại học Cần Thơ